| 000 | 00967nam a22002537a 4500 | ||
|---|---|---|---|
| 001 | 77333 | ||
| 003 | BD-RjUL | ||
| 005 | 20211209082947.0 | ||
| 008 | 200315s2020 bg ||||| |||| 00| 0 ben d | ||
| 020 | _a9789849230359 | ||
| 035 | _a(BD-RjUL)77558 | ||
| 040 |
_aBD-RjUL _beng _cBD-RjUL |
||
| 041 | _aeng | ||
| 082 |
_223 _a907 _bRAG 2020 |
||
| 100 |
_aরহমান, মোঃ মকসুদুর _9240906 |
||
| 245 | 1 | 0 |
_aগল্পে গল্পে ইতিহাস / _cড. মোঃ মকসুদুর রহমান |
| 260 |
_aঢাকা : _bআলেয়া বুক ডিপো, _c২০২০ |
||
| 300 |
_aপৃ.১৬৭ ; _c২২ সেমি. |
||
| 650 |
_aইতিহাস _xঅধ্যয়ন এবং শিক্ষকতা _9240907 |
||
| 650 |
_aইতিহাস ও রাজনীতি _9240908 |
||
| 650 |
_aHistory _xStudy and teaching _9240909 |
||
| 650 |
_aHistory and politics _9240910 |
||
| 942 |
_2ddc _cBK |
||
| 999 |
_c77333 _d77333 |
||